NBA Awards Quiz - Statistics

General Stats
  • This quiz has been taken 282 times
    205 since last reset
  • The average score is 72 of 138
Answer Stats
Award Year(s) Player / Coach % Correct
MVP 2021, 2022, 2024 Nikola Jokic
99%
Finals MVP 2023 Nikola Jokic
99%
MVP 2023 Joel Embiid
96%
MVP 2019, 2020 Giannis Antetokounmpo
94%
Defensive Player of the Year 2020 Giannis Antetokounmpo
94%
Most Improved Player 2017 Giannis Antetokounmpo
94%
Finals MVP 2021 Giannis Antetokounmpo
94%
Finals MVP 2024 Jaylen Brown
93%
MVP 2009, 2010, 2012, 2013 LeBron James
93%
Rookie of the Year 2004 Lebron James
93%
Finals MVP 2012, 2013, 2016, 2020 LeBron James
93%
MVP 2015, 2016 Stephen Curry
93%
Finals MVP 2022 Stephen Curry
93%
Coach of the Year 2004 Hubie Brown
91%
MVP 2018 James Harden
91%
Sixth Man of the Year 2012 James Harden
91%
MVP 2014 Kevin Durant
91%
Rookie of the Year 2008 Kevin Durant
91%
Finals MVP 2017, 2018 Kevin Durant
91%
Coach of the Year 2001 Larry Brown
91%
Coach of the Year 2009, 2023 Mike Brown
91%
Defensive Player of the Year 2018, 2019, 2021, 2024 Rudy Gobert
91%
MVP 2008 Kobe Bryant
90%
Finals MVP 2009, 2010 Kobe Bryant
90%
MVP 2017 Russell Westbrook
89%
MVP 2000 Shaquille O'Neal
88%
Finals MVP 2000, 2001, 2002 Shaquille O'Neal
88%
MVP 2011 Derrick Rose
87%
Rookie of the Year 2009 Derrick Rose
87%
Most Improved Player 2000 Jalen Rose
87%
MVP 2002, 2003 Tim Duncan
87%
Finals MVP 2003, 2005 Tim Duncan
87%
MVP 2007 Dirk Nowitzki
83%
Finals MVP 2011 Dirk Nowitzki
83%
Defensive Player of the Year 2015, 2016 Kawhi Leonard
83%
Finals MVP 2014, 2019 Kawhi Leonard
83%
MVP 2004 Kevin Garnett
83%
Defensive Player of the Year 2008 Kevin Garnett
83%
MVP 2005, 2006 Steve Nash
83%
MVP 2001 Allen Iverson
82%
Rookie of the Year 2024 Victor Wembanyama
81%
Defensive Player of the Year 2023 Jaren Jackson Jr.
80%
Finals MVP 2015 Andre Iguodala
78%
Defensive Player of the Year 2017 Draymond Green
76%
Defensive Player of the Year 2022 Marcus Smart
73%
Sixth Man of the Year 2003 Bobby Jackson
71%
Finals MVP 2006 Dwyane Wade
71%
Finals MVP 2008 Paul Pierce
70%
Defensive Player of the Year 2009, 2010, 2011 Dwight Howard
68%
Rookie of the Year 2014 Michael Carter-Williams
68%
Finals MVP 2007 Tony Parker
67%
Sixth Man of the Year 2015, 2018, 2019 Lou Williams
66%
Coach of the Year 2022 Monty Williams
66%
Rookie of the Year 2023 Paolo Banchero
64%
Rookie of the Year 2019 Luka Doncic
63%
Defensive Player of the Year 2002, 2003, 2005, 2006 Ben Wallace
61%
Rookie of the Year 2018 Ben Simmons
60%
Most Improved Player 2005 Bobby Simmons
60%
Finals MVP 2004 Chauncey Billups
60%
Coach of the Year 2003, 2012, 2014 Gregg Popovich
60%
Rookie of the Year 2020 Ja Morant
60%
Most Improved Player 2022 Ja Morant
60%
Most Improved Player 2002 Jermaine O'Neal
60%
Rookie of the Year 2021 LaMelo Ball
60%
Defensive Player of the Year 2013 Marc Gasol
57%
Rookie of the Year 2002 Pau Gasol
57%
Rookie of the Year 2012 Kyrie irving
56%
Coach of the Year 2016 Steve Kerr
55%
Rookie of the Year 2022 Scottie Barnes
54%
Rookie of the Year 2016 Karl-Anthony Towns
52%
Rookie of the Year 2006 Chris Paul
49%
Rookie of the Year 2013 Damian Lillard
46%
Defensive Player of the Year 2014 Joakim Noah
45%
Rookie of the Year 2017 Malcolm Brogdon
45%
Sixth Man of the Year 2023 Malcolm Brogdon
45%
Sixth Man of the Year 2024 Naz Reid
45%
Sixth Man of the Year 2010, 2014, 2016 Jamal Crawford
43%
Rookie of the Year 2015 Andrew Wiggins
41%
Rookie of the Year 2011 Blake Griffin
40%
Defensive Player of the Year 2001 Dikembe Mutombo
40%
Sixth Man of the Year 2008 Manu Ginobili
40%
Defensive Player of the Year 2012 Tyson Chandler
39%
Sixth Man of the Year 2013 JR Smith
37%
Most Improved Player 2013 Paul George
37%
Coach of the Year 2000 Doc Rivers
36%
Defensive Player of the Year 2004 Metta World Peace
34%
Most Improved Player 2015 Jimmy Butler
32%
Defensive Player of the Year 2000 Alonzo Mourning
31%
Rookie of the Year 2003 Amar'e Stoudemire
31%
Defensive Player of the Year 2007 Marcus Camby
31%
Most Improved Player 2024 Tyrese Maxey
31%
Most Improved Player 2023 Lauri Markkanen
28%
Coach of the Year 2006 Avery Johnson
27%
Sixth Man of the Year 2005 Ben Gordon
27%
Sixth Man of the Year 2002 Corliss Williamson
27%
Sixth Man of the Year 2017 Eric Gordon
27%
Coach of the Year 2015, 2019 Mike Budenholzer
27%
Sixth Man of the Year 2022 Tyler Herro
27%
Most Improved Player 2018 Victor Oladipo
27%
Most Improved Player 2011 Kevin Love
26%
Rookie of the Year 2001 Mike Miller
26%
Sixth Man of the Year 2006 Mike Miller
26%
Rookie of the Year 2010 Tyreke Evans
26%
Most Improved Player 2001 Tracy McGrady
25%
Sixth Man of the Year 2021 Jordan Clarkson
24%
Coach of the Year 2024 Mark Daigneault
24%
Most Improved Player 2019 Pascal Siakam
24%
Coach of the Year 2007 Sam Mitchell
23%
Most Improved Player 2021 Julius Randle
22%
Sixth Man of the Year 2011 Lamar Odom
22%
Sixth Man of the Year 2020 Montrezl Harrell
21%
Rookie of the Year 2005 Emeka Okafor
20%
Coach of the Year 2020 Nick Nurse
20%
Rookie of the Year 2007 Brandon Roy
19%
Most Improved Player 2016 CJ McCollum
19%
Coach of the Year 2018 Dwane Casey
19%
Coach of the Year 2013 George Karl
19%
Coach of the Year 2011, 2021 Tom Thibodeau
19%
Rookie of the Year 2000 Elton Brand
18%
Most Improved Player 2009 Danny Granger
17%
Coach of the Year 2005, 2017 Mike D'Antoni
17%
Most Improved Player 2020 Brandon Ingram
16%
Sixth Man of the Year 2009 Jason Terry
15%
Coach of the Year 2002 Rick Carlisle
14%
Most Improved Player 2010 Aaron Brooks
13%
Most Improved Player 2007 Monta Ellis
13%
Coach of the Year 2010 Scott Brooks
13%
Most Improved Player 2006 Boris Diaw
12%
Most Improved Player 2014 Goran Dragic
11%
Most Improved Player 2008 Hedo Turkoglu
10%
Sixth Man of the Year 2007 Leandro Barbosa
10%
Most Improved Player 2012 Ryan Anderson
10%
Most Improved Player 2004 Zach Randolph
9%
Most Improved Player 2003 Gilbert Arenas
8%
Sixth Man of the Year 2001 Aaron McKie
6%
Sixth Man of the Year 2004 Antawn Jamison
6%
Coach of the Year 2008 Byron Scott
6%
Sixth Man of the Year 2000 Rodney Rogers
4%
No matching quizzes found
Score Distribution
Percent of People with Each Score
Percentile by Number Answered
Your Score History
You have not taken this quiz since the last reset